000 00632nam a2200181Ia 4500
008 100921s9999 xx 000 0 und d
082 _b20318
_a891.463 थ 83
100 _aब्रह्मांडकर उज्वल.
245 _aका धरिला परदेश.
260 _bमनोरमा प्रकाशन,मुंबई.
_c1983
300 _a203
_b---
365 _b30
520 _aललित-कादंबरी.
630 _aका धरिला परदेश.
650 _aललित-कादंबरी.
730 _aका धरिला परदेश.
942 _cBOOK
999 _c769431
_d769428